| 000 | 00776nam a2200205 i 4500 | ||
|---|---|---|---|
| 001 | 187009 | ||
| 003 | ES-MaACL | ||
| 005 | 20230906222809.0 | ||
| 008 | 170328s1993 sp a |||| | spa d | ||
| 020 | _a84-7719-417-3 | ||
| 100 | 1 |
_aReguera Rodríguez, Antonio T. _995935 |
|
| 245 | 1 | 0 |
_aTerritorio ordenado, territorio dominado _b: espacios, políticas y conflictos en la España de la Ilustración / _cAntonio T. Reguera Rodríguez. |
| 260 |
_aLeón : _bUniversidad, Secretariado de Publicaciones, _c1993. |
||
| 300 |
_a340 p. : _bil. ; _c24 cm. |
||
| 504 | _aBibliografía: p. 293-309. | ||
| 650 | 4 |
_aUrbanismo- _zEspaña- _yS.XVIII. _9162202 |
|
| 650 | 4 |
_aCiudades- _zEspaña- _yS.XVIII. _9162204 |
|
| 710 | 2 |
_aUniversidad de León. _97200 |
|
| 852 |
_aES-MaACL _jL-31328 |
||
| 999 |
_c187009 _d187009 |
||